Maheshwar darbarchi batamipatre (Record no. 1434856)

MARC details
000 -LEADER
fixed length control field 00785nam a22002177a 4500
005 - DATE AND TIME OF LATEST TRANSACTION
control field 20250825122401.0
008 - FIXED-LENGTH DATA ELEMENTS--GENERAL INFORMATION
fixed length control field 250825b |||||||| |||| 00| 0 eng d
037 ## - SOURCE OF ACQUISITION
Terms of availability REF
040 ## - CATALOGING SOURCE
Original cataloging agency CRL
Transcribing agency CRL
041 ## - LANGUAGE CODE
Source of code eng
Language code of text/sound track or separate title eng
Language code of original mar
084 ## - COLON CLASSIFICATION NUMBER
Classification number V28154 155R1.5 (RR)
Assigning agency CRL
245 ## - TITLE STATEMENT
Title Maheshwar darbarchi batamipatre
260 ## - PUBLICATION, DISTRIBUTION, ETC.
Place of publication, distribution, etc. Mumbai, India:
Name of publisher, distributor, etc. Maharashtra Rajya Sahitya Aani Sanskriti Mandal,
Date of publication, distribution, etc. 2021.
300 ## - PHYSICAL DESCRIPTION
Extent (Vol. 5) (1p.-476p.)
365 ## - TRADE PRICE
Price amount 624.00
Currency code INR
650 ## - SUBJECT ADDED ENTRY--TOPICAL TERM
Topical term or geographic name entry element History
650 ## - SUBJECT ADDED ENTRY--TOPICAL TERM
Topical term or geographic name entry element India History
700 ## - ADDED ENTRY--PERSONAL NAME
Personal name Parasnees, Dattatray Balwant
Relator term editor.
9 (RLIN) 818754
942 ## - ADDED ENTRY ELEMENTS (KOHA)
Source of classification or shelving scheme Colon Classification (CC)
Koha item type Reference
Classification part V28154 155R1.5 (RR)
Suppress in OPAC No
Holdings
Withdrawn status Lost status Source of classification or shelving scheme Damaged status Not for loan Home library Current library Date acquired Source of acquisition Cost, normal purchase price Serial Enumeration / chronology Inventory number Total Checkouts Full call number Barcode Date last seen Price effective from Koha item type
    Colon Classification (CC)     Central Library Central Library 2025-08-25 Dattatray Balwant Parasnees 624.00 Vol. 5 Gift   V28154 155R1.5 (RR) CL1699818 2025-08-25 2025-08-25 Reference
Copyright @ Delhi University Library System